000 01365cam a2200217 4500500
005 20260201095727.0
041 _afre
042 _adc
100 1 0 _aCellot, Yves
_eauthor
245 0 0 _aEt si c'était la personne lourdement handicapée qui prenait soin de nous… !
260 _c2008.
500 _a96
520 _aRésumé« En quoi la personne lourdement handicapée est-elle essentielle à notre monde ? Elle nous parle de l’être profond, dont nous sommes bien souvent en déficit. Être là, vivre au présent, être pleinement dans la relation sont les capacités et le savoir de l’être que les personnes lourdement handicapées nous enseignent. Mais plus encore elles nous interpellent sur notre humanité, sur les questions fondamentales et les valeurs qui traversent tout homme. Enfin les établissements où elles vivent, souvent perçus comme des lieux de moins de vie, se révèlent être des lieux de plus d’humanité importants pour notre communauté humaine. »
690 _acapacité à être
690 _alieux d'humanité
690 _apersonnes lourdement handicapées
690 _aprendre soin
690 _aquestions existentielles et valeurs humaines
786 0 _nEmpan | 70 | 2 | 2008-08-19 | p. 71-78 | 1152-3336
856 4 1 _uhttps://shs.cairn.info/revue-empan-2008-2-page-71?lang=fr&redirect-ssocas=7080
999 _c1640866
_d1640866